000 00529nam a2200181Ia 4500
003 GCL
008 140319s9999 xx 000 0 ara d
040 _aGCL /
_cGCL
082 0 4 _a811.094
_bح خ
100 1 _aحلمى عبدالجواد السباعى
245 1 0 _aخريف مزدهر و عصارة قلب /
_cحلمى عبدالجواد السباعى
300 _a90 ص
490 _a
650 0 4 _aالشعر العربى
650 0 4 _aالادب العربى
650 0 4 _aالعصر الحديث
942 _2ddc
_cBK
999 _c40681
_d40681